000 00581nam a2200217Ia 4500
003 OSt
005 20220923230920.0
006 a|||||r|||| 00| 0
007 ta
008 220922b |||||||| |||| 00| 0 pan d
024 _a306,441
037 _cTextual
040 _aARTS
_cARTS
_bpan
041 _2pan
_apan
082 _aO28,3M83,TK, 153L8
100 _aਸੁਰਿੰਦਰ ਕੌਰ
245 0 _aਟੁੱਟੇ ਖੰਭ
260 _c1978
942 _hO28,3M83,TK, 153L8
_cTEXL
_2CC
999 _c388222
_d388222